Strategické smerovanie Slovenska v riadení inovácií bakalárska práca

Salvato in:
Dettagli Bibliografici
Autore principale: Trubačová, Tamara
Enti autori: Národohospodárska fakulta EU. Katedra ekonómie, Univerzita Komenského v Bratislave. Právnická fakulta
Altri autori: Brinčíková, Zuzana, 1979-
Natura: Libro
Lingua:slovacco
Pubblicazione: Bratislava 2023
Tags: Aggiungi Tag
Nessun Tag, puoi essere il primo ad aggiungerne!!

MARC

LEADER 00000nbm a2200000 4500
001 0294572
005 20231205092251.5
041 0 |a slo 
044 |a SK 
245 1 0 |a Strategické smerovanie Slovenska v riadení inovácií  |b bakalárska práca  |c Tamara Trubačová ; školiteľ: Zuzana Brinčíková 
264 1 |a Bratislava  |c 2023 
300 |a 71 s. 
100 1 |a Trubačová, Tamara 
700 1 |a Brinčíková, Zuzana, 1979- 
710 2 |a Národohospodárska fakulta EU. Katedra ekonómie 
710 2 |a Univerzita Komenského v Bratislave. Právnická fakulta